Historia de la vida, y excelencias de la sacratissima Virgen Maria nuestra señora, que trata de sus dones , sobrenaturales, salida del Templo, Desposorios con el señor san Joseph, y Excelencias de este dichoso Patriarca (Record no. 8589)
[ view plain ]
| 000 -CABECERA | |
|---|---|
| campo de control de longitud fija | 00933nam a2200229 a 4500 |
| 001 - NÚMERO DE CONTROL | |
| campo de control | BRCA_8938 |
| 005 - FECHA Y HORA DE LA ÚLTIMA TRANSACCIÓN | |
| campo de control | 20190320210450.0 |
| 008 - DATOS DE LONGITUD FIJA--INFORMACIÓN GENERAL | |
| campo de control de longitud fija | 300617s1761----sp-#######---#000-0#spa-# |
| 041 ## - CÓDIGO DE LENGUA | |
| Código de lengua del texto/banda sonora o título independiente | spa |
| 044 ## - CÓDIGO DEL PAÍS DE LA ENTIDAD EDITORA/PRODUCTORA | |
| Código MARC del país | sp |
| 084 ## - OTRO NÚMERO DE CLASIFICACIÓN | |
| Número de clasificación | LE31 |
| Número de documento/Ítem | .J67 1761 |
| 100 1# - ENTRADA PRINCIPAL--NOMBRE DE PERSONA | |
| Nombre de persona | Joseph de Jesús |
| 9 (RLIN) | 22215 |
| 245 10 - MENCIÓN DE TÍTULO | |
| Título | Historia de la vida, y excelencias de la sacratissima Virgen Maria nuestra señora, que trata de sus dones , sobrenaturales, salida del Templo, Desposorios con el señor san Joseph, y Excelencias de este dichoso Patriarca |
| Mención de responsabilidad, etc. | Por el R. P. Fray Joseph de Jesús; tomo quarto. |
| 260 ## - PUBLICACIÓN, DISTRIBUCIÓN, ETC. | |
| Lugar de publicación, distribución, etc. | Madrid |
| Nombre del editor, distribuidor, etc. | Por Antonio Perez de Soto |
| Fecha de publicación, distribución, etc. | 1761 |
| 300 ## - DESCRIPCIÓN FÍSICA | |
| Extensión | 498 p. (t.4) |
| Dimensiones | 15.8 x 10.5 cm |
| 500 ## - NOTA GENERAL | |
| Nota general | Estado físico: presenta encuadernación en pergamino deteriorada |
| 600 14 - PUNTO DE ACCESO ADICIONAL DE MATERIA--NOMBRE DE PERSONA | |
| Nombre de persona | Virgen María |
| Subdivisión de forma | Biografías |
| 9 (RLIN) | 22216 |
| 600 14 - PUNTO DE ACCESO ADICIONAL DE MATERIA--NOMBRE DE PERSONA | |
| Nombre de persona | José |
| Títulos y otros términos asociados al nombre | Santo |
| Subdivisión de forma | Biografías |
| 9 (RLIN) | 22217 |
| 650 14 - PUNTO DE ACCESO ADICIONAL DE MATERIA--TÉRMINO DE MATERIA | |
| Término de materia o nombre geográfico como elemento de entrada | Vida espiritual |
| Subdivisión cronológica | Siglo XVIII |
| 9 (RLIN) | 22218 |
| 902 ## - CATALOGADOR | |
| Iniciales | CFM |
| 942 ## - ELEMENTOS DE PUNTO DE ACCESO ADICIONAL (KOHA) | |
| Fuente del sistema de clasificación o colocación | Library of Congress Classification |
| Tipo de ítem Koha | Libros |
| Estado de retiro | Estado de pérdida | Estado dañado | No para préstamo | Localización permanente | Ubicación/localización actual | Fecha de adquisición | Total de préstamos | Signatura topográfica completa | Código de barras | Fecha visto por última vez | Precio válido a partir de | Tipo de ítem Koha |
|---|---|---|---|---|---|---|---|---|---|---|---|---|
| El ejemplar forma parte de la colección y puede ser consultado según las políticas vigentes. | Biblioteca del Museo Franz Mayer (Rogerio Casas-Alatriste) | Biblioteca del Museo Franz Mayer (Rogerio Casas-Alatriste) | 30/06/2017 | LE31 .J67 1761 | CFM00261 | 22/03/2019 | 22/03/2019 | Libros |